Qué representarem, avui? / (Record no. 55036)

MARC details
000 -LEADER
campo de control de longitud fija 00633nam a2200205 i 4500
001 - NÚMERO DE CONTROL
campo de control 55036
003 - IDENTIFICADOR DE NÚMERO DE CONTROL
campo de control ES-MaACL
005 - FECHA Y HORA DE LA ÚLTIMA TRANSACCIÓN
campo de control 20230906163053.0
007 - CAMPO FIJO DE DESCRIPCIÓN FÍSICA--INFORMACIÓN GENERAL
campo de control de longitud fija t|
008 - DATOS DE LONGITUD FIJA--INFORMACIÓN GENERAL
campo de control de longitud fija 030911s1973 sp ||||1| cat d
100 1# - ENTRADA PRINCIPAL--NOMBRE DE PERSONA
Nombre de persona Delgado y Delgado, Eduardo.
9 (RLIN) 43495
245 10 - MENCIÓN DEL TÍTULO
Título Qué representarem, avui? /
Mención de responsabilidad, etc. Eduard Delgado i María Vilanova ; proleg de Joaquim Franch.
250 ## - MENCION DE EDICION
Mención de edición [1ª ed.].
260 ## - PUBLICACIÓN, DISTRIBUCIÓN, ETC.
Lugar de publicación, distribución, etc. Barcelona :
Nombre del editor, distribuidor, etc. Nova Terra,
Fecha de publicación, distribución, etc. [1973]
300 ## - DESCRIPCIÓN FÍSICA
Extensión 190 p. ;
Dimensiones 21 cm.
500 ## - NOTA GENERAL
Nota general Premi "Antoni Balmanya, 1972"
700 1# - ENTRADA AGREGADA--NOMBRE PERSONAL
Nombre de persona Vilanova, María.
9 (RLIN) 114777
700 1# - ENTRADA AGREGADA--NOMBRE PERSONAL
Nombre de persona Franch, Joaquim.
9 (RLIN) 52158
852 ## - LOCALIZACIÓN
Ubicación ES-MaACL
Número de control de estantería C-52518
Sublocalización o colección R.85457
Holdings
Estatus retirado Estado de pérdida Estado de daño No para préstamo Biblioteca de origen Biblioteca actual Ubicación en estantería Fecha de adquisición Fuente de adquisición Total de préstamos Signatura topográfica completa Código de barras Visto por última vez Precio de reemplazo Tipo de ítem Koha
        Biblioteca del Ateneo de Madrid Biblioteca del Ateneo de Madrid Depósito 2 17/01/2008     C-52518 1057833 23/02/2023 23/02/2023 Libro impreso